Porovnanie materiálov s vysokým obsahom uhlíka prostredníctvom termogravimetrickej analýzy

Saved in:
Bibliographic Details
Main Author: Holec, Adam (Author)
Other Authors: Rantuch, Peter (Thesis advisor)
Format: Manuscript Book
Language:Slovak
Published: 2025
Subjects:
Online Access:http://is.stuba.sk/zp/portal_zp.pl?podrobnosti=183726
Tags: Add Tag
No Tags, Be the first to tag this record!

MARC

LEADER 00000ntm a22000003a 4500
001 stuzp105572
003 SK-STU
005 20250614213938.7
007 ta
008 150427s2015----xo-----f-mn---000-0-slo-d
040 |a STU  |b slo 
041 0 |a slo 
100 1 |a Holec, Adam  |u 065000  |4 aut  |U MTF Materiálovotechnologická fakulta  |T MTF Ústav integrovanej bezpečnosti  |X 111724  |U M5000  |Y 85  |7 111724 
242 0 1 |a Comparison of high carbon materials by thermogravimetric analysis  |y eng 
245 1 0 |a Porovnanie materiálov s vysokým obsahom uhlíka prostredníctvom termogravimetrickej analýzy 
260 |c 2025 
650 4 |a carbon materials  |2 eng 
650 4 |a weight loss  |2 eng 
650 4 |a derivate thermogravimetric analysis (DTG)  |2 eng 
650 4 |a Thermogravimetric analysis (TGA)  |2 eng 
650 4 |a Termogravimetrická analýza (TGA)  |2 slo 
650 4 |a uhlíkaté materiály  |2 slo 
650 4 |a úbytok hmotnosti  |2 slo 
650 4 |a derivovaná termogravimetrická analýza (DTG)  |2 slo 
700 1 |a Rantuch, Peter  |u 065300  |k Z1  |4 ths  |U MTF Ústav integrovanej bezpečnosti  |T MTF Katedra požiarneho inžinierstva  |X 70853  |U M5300  |Y 193  |7 A000070853 
856 4 |u http://is.stuba.sk/zp/portal_zp.pl?podrobnosti=183726 
996 |c M* DP-15548  |l MMSKP  |s P  |a 0  |w stuzp105572_0001